1481 1217 1441 1351 1726 1960 1872 1368 1370 1476 1036 1216 1296 1206 1531 1687 1922 1981 1676 1489 1403 1488 1003 1646 1726 1279 1141 1826 1386 1981 1931 1930 1571 1214 1242 1649 1152 1919 1994 1530 1687 1482 1304 1266 1341 1608 1914 1124 1447 1732 1042 1334 1518 1351 1818 1230 1690 1333 1021 1685 1846 1634 1831 1244 1096 1968 1357 1334 1554 1386 1567 1876 1329 1250 1808 1713 1228 1412 1104 1337 1633 1340 1605 1866 1360 1530 1868 1183 1615 1548 1369 1075 1607 1657 1144 1914 1298 1767 1929 BCNSPRNW ULIB Ver.6.0+V

เปลี่ยนเป็นภาษาไทย

Change to English
 แสดงรายละเอียดบรรณานุกรม
  กลับหน้าหลัก

Brief Record : Get Marc (ISO 2709) : E-mail record : QR code < ปิดหน้าต่าง
LEADER : 00000nam 2200000uu 4500
001    13399114173
003     ULIB
008    120228s||||||||th 000 0 tha d
110    ^aวารสารทิศไท
245    ^aวารสารเพื่อเยาวชนของมูลนิธิเสริมสร้างเอกลักษณ์ของชาติ
260    ^aกรุงเทพฯ :^bวารสารทิศไท,^cม.ป.ป.
310    ^aรายเดือน
850    ^aปีที่ 2 ฉบับที่ 6 ต.ค.-ธ.ค.54
945    ^p0^l0^i800069
999 ^a ใช้งานได้ทุกระบบ
รายการนี้ยังไม่มีแท็ก
คุณยังไม่ได้ล็อกอิน คุณสามารถมีกิจกรรมร่วมกับเว็บไซต์ได้ แต่ต้องล็อกอินก่อน ::
  ล็อกอิน

รายการสื่อสารสนเทศ

ลำดับที่ ประเภท เลขเรียก/บาร์โค้ด สถานที่ สถานะ
1. วิทยาศาสตร์การแพทย์ และสุขภาพ
วิทยาศาสตร์การแพทย์ และสุขภาพ
  
  Barcode: 800069
ห้องสมุดวิทยาเขตสวรรค์ประชารักษ์
►วารสาร
บนชั้น
  ขอยืม

BibComment


ยังไม่เคยถูกคอมเมนท์

คอมเมนท์ทรัพยากรรายการนี้
  คอมเมนท์: วารสารเพื่อเยาวช..


 Copyright 2026. Bcnsprnw @Library